000 00554nam a22001697a 4500
999 _c178224
_d178224
005 20210322165004.0
010 _aMAL 0247
020 _a078-93-5390-561-3
035 _aMA-8704
082 _a894.8123
100 _aപോ, എഡ്‌ഗോർ അലൻ
245 _aഭീതി /
_cഎഡ്‌ഗോർ അലൻ പോ
260 _aKottayam (Kerala)
_bഡി സി ബുക്ക്സ്
_c2020
270 _aD C Books Kattayam- 686001 (Kerala)
300 _a240p.
_b22cm(pbk)
942 _2ddc
_cMA
_h894.8123
_mപോഎ